Trò chuyện với vĩ nhân (Record no. 13)

MARC details
000 -Trường điều khiển
00513nam a2200193 a 4500
005 - Thời gian thao tác lần cuối với biểu ghi
20240524071412.0
008 - Trường có độ dài cố định -- Thông tin chung tài liệu
220428s2021 vm 000 0 vie d
020 ## - Số sách chuẩn quốc tế ISBN
Số ISBN 9786043440003
040 ## - Thông tin cơ quan biên mục
Cơ quan biên mục gốc DLC
Ngôn ngữ biên mục vie
Quy tắc mô tả AACR2
041 1# - Mã ngôn ngữ
Mã ngôn ngữ của chính văn vie
Mã ngôn ngữ tài liệu gốc eng
082 04 - Ký hiệu phân loại DDC
Chỉ số DDC 04 210
100 0# - Tiêu đề chính -- Tên cá nhân
Họ tên cá nhân Osho
245 10 - Nhan đề chính
Nhan đề chính Trò chuyện với vĩ nhân
Phần còn lại của nhan đề : Meetings with remarkable people
246 31 - Nhan đề khác
Nhan đề khác Meetings with remarkable people
260 ## - Địa chỉ xuất bản
Nhà xuất bản Dân trí
Năm xuất bản , 2021
300 ## - Mô tả vật lý
Độ lớn/Số trang 388 tr.
Kích thước, khổ cỡ ; 21 cm
653 #4 - Thuật ngữ chủ đề không kiểm soát
Từ khóa Trò chuyện
942 ## - Định dạng tài liệu (KOHA)
Nguồn phân loại Dewey Decimal Classification
Kiểu tài liệu (Koha) Books
Holdings
Số lần ghi mượn Ký hiệu phân loại Đăng ký cá biệt Cập nhật lần cuối Số bản sao Ngày áp dụng giá thay thế Kiểu tài liệu Trạng thái mất tài liệu Nguồn phân loại Trạng thái hư hỏng Không cho mượn về Trạng thái lưu thông Thư viện sở hữu Thư viện lưu trữ Ngày bổ sung
  04 210 DL00000012 09/05/2024 1 09/05/2024 Sách giáo khoa   Dewey Decimal Classification     Sẵn sàng lưu thông Trường K12_01 Trường K12_01 09/05/2024